000 00592nam a2200169Ia 4500
008 220216s9999 xx 000 0 und d
100 _aMadhavan J.
245 0 _aFeasibility of ratooning in Hevea: Early growth performance
260 _bPlacrosym XV, 2002, Mysore, India. (Eds. K. Sreedharan, P.K. Vinod Kumar, Jayarama and Basavaraja M. Chaluki). Central Coffee Research Institute, Karnataka, India, pp. 95-101.
_c2002
650 _aRatooning
650 _aSprouting
700 _aAbraham S.T.
700 _aNair R.B.
700 _aPothen J.
700 _aVarghese Y.A.
942 _cBS
999 _c52620
_d52620